[Event "DM G5-2 2025"]
[Site "Svendborg"]
[Date "2025.04.18"]
[Round "1"]
[White "Rynkjob, Bastian"]
[Black "Almasy, Alexander Christian"]
[Result "0-1"]
[WhiteElo "1741"]
[BlackElo "1914"]
[WhiteFideId "1473557"]
[BlackFideId "1415700"]
[EventDate "2025.04.17"]
[EventType "swiss"]
[EventRounds "5"]
[EventCountry "DEN"]
[SourceTitle "Live v. Kasper Jerwiarz"]

1. e4 c5 2. Nf3 e6 3. c3 Nf6 4. e5 Nd5 5. d4 cxd4 6. cxd4 Nc6 7. Bc4 Nb6 8. Bb3 Be7 9. O-O O-O 10. d5 Nxd5 11. Bxd5 exd5 12. Qxd5 Qb6 13. a3 Rd8 14. Re1 h6 15. Nbd2 d6 16. Nc4 Qc5 17. Qxc5 dxc5 18. Bf4 Nd4 19. Nd6 Nc2 20. Rad1 Nxe1 21. Rxe1 b6 22. Nd2 g5 23. Bg3 f5 24. f4 Bxd6 25. exd6 Rxd6 26. Nf3 g4 27. Nh4 Kf7 0-1

[Event "DM G5-2 2025"]
[Site "Svendborg"]
[Date "2025.04.18"]
[Round "1"]
[White "Rasmussen, Johnny Koust"]
[Black "Justesen, Laurits Skovgaard"]
[Result "1-0"]
[WhiteElo "1875"]
[BlackElo "1757"]
[WhiteFideId "1422383"]
[BlackFideId "1482300"]
[EventDate "2025.04.17"]
[EventType "swiss"]
[EventRounds "5"]
[EventCountry "DEN"]
[SourceTitle "Live v. Kasper Jerwiarz"]

1. e4 c6 2. d4 d5 3. exd5 cxd5 4. Bd3 Nc6 5. Nf3 Bg4 6. c3 Nf6 7. h3 Bh5 8. O-O e6 9. Bg5 Qb6 10. Qb3 Qxb3 11. axb3 Bxf3 12. gxf3 a6 13. b4 Rc8 14. b5 axb5 15. Bxb5 Bd6 16. Nd2 Ke7 17. Rfe1 h6 18. Bh4 g5 19. Bg3 Nh5 20. Nf1 f5 21. Bxd6+ Kxd6 22. Ne3 Nf4 23. Kh2 Ra8 24. Nc2 Na5 25. Na3 Nb3 26. Rad1 h5 27. Kg3 Ng6 28. c4 Nh4 29. f4 Ng6 30. fxg5 f4+ 31. Kh2 Nh4 32. Rd3 Nxd4 33. Red1 Ndf3+ 34. Kh1 d4 35. b4 e5 36. c5+ Ke7 37. c6 bxc6 38. Bxc6 Rab8 39. Bxf3 Nxf3 40. Rxf3 Rxb4 41. h4 Ra8 42. Nc2 Rb2 43. Nxd4 exd4 44. Rxd4 Ra1+ 45. Kg2 Rbb1 46. Rfxf4 Rg1+ 47. Kf3 Ra3+ 48. Ke2 Ra2+ 49. Rd2 Ra3 50. Rfd4 Rh3 51. R2d3 Rhh1 52. Rd1 Rxd1 53. Rxd1 Rxh4 54. Rg1 Rf4 55. Ke3 Rf8 56. Rh1 Rh8 57. f4 Kf7 58. f5 Kg7 59. Kf4 Kf7 60. Ra1 Rb8 61. g6+ Kg7 62. Kg5 Rb5 63. Ra7+ Kg8 64. Rh7 Rb1 65. Rxh5 1-0

[Event "DM G5-2 2025"]
[Site "Svendborg"]
[Date "2025.04.18"]
[Round "1"]
[White "Reiths, Henning"]
[Black "Poulsen, Albert Damgaard"]
[Result "0-1"]
[WhiteElo "1736"]
[BlackElo "1843"]
[WhiteFideId "1410431"]
[BlackFideId "1478613"]
[EventDate "2025.04.17"]
[EventType "swiss"]
[EventRounds "5"]
[EventCountry "DEN"]
[SourceTitle "Live v. Kasper Jerwiarz"]

1. d4 d5 2. Bg5 f6 3. Bf4 c5 4. e3 Nc6 5. Nf3 g5 6. Bg3 h5 7. h4 g4 8. Ng1 Nh6 9. Bb5 Nf5 10. Ne2 Nxg3 11. Nxg3 e5 12. c4 Be6 13. cxd5 Qxd5 14. Nc3 Qxg2 15. d5 Rd8 16. e4 a6 17. Bf1 Qxh1 18. Nxh1 Nd4 19. Qa4+ Bd7 20. Qd1 Nf3+ 21. Ke2 b5 22. Bg2 b4 23. Bxf3 gxf3+ 24. Kd3 c4+ 25. Kxc4 bxc3 26. bxc3 Rc8+ 27. Kd3 Bb5+ 28. Kd2 Bh6+ 29. Ke1 Rxc3 30. Ng3 Rg8 31. a4 Rxg3 32. fxg3 Be2 33. Qb1 Be3 34. d6 Bc4 35. Qb8+ Kf7 36. Qc7+ Kg6 37. Qxc4 Rxc4 38. d7 Rd4 0-1

[Event "DM G5-2 2025"]
[Site "Svendborg"]
[Date "2025.04.18"]
[Round "1"]
[White "Moller, Henrik Allan"]
[Black "Svendsen, Peter Willer"]
[Result "0-1"]
[WhiteElo "1653"]
[BlackElo "1867"]
[WhiteFideId "1479199"]
[BlackFideId "1405250"]
[EventDate "2025.04.17"]
[EventType "swiss"]
[EventRounds "5"]
[EventCountry "DEN"]
[SourceTitle "Live v. Kasper Jerwiarz"]

1. Nf3 Nf6 2. d4 d5 3. Bf4 c5 4. e3 Nc6 5. c4 Bg4 6. Be2 e6 7. Nc3 Qb6 8. cxd5 exd5 9. dxc5 Bxc5 10. O-O Qxb2 11. Na4 Qa3 12. Qc2 Bd6 13. Rfb1 Bxf4 14. exf4 O-O 15. Rxb7 Bxf3 16. Bxf3 Nd4 17. Qd1 Nxf3+ 18. gxf3 Rfd8 19. Rc7 Qd6 20. Qc1 d4 21. Rb1 Nd5 22. Rc6 Qxf4 23. Qc4 Qxf3 24. Rb3 Qg4+ 25. Rg3 Qd1+ 26. Kg2 Nf4# 0-1

[Event "DM G5-2 2025"]
[Site "Svendborg"]
[Date "2025.04.18"]
[Round "1"]
[White "Rasmussen, Morten Fredsgaard"]
[Black "Munch, Niels Christian"]
[Result "1/2-1/2"]
[WhiteElo "1841"]
[BlackElo "1760"]
[WhiteFideId "1410636"]
[BlackFideId "1470744"]
[EventDate "2025.04.17"]
[EventType "swiss"]
[EventRounds "5"]
[EventCountry "DEN"]
[SourceTitle "Live v. Kasper Jerwiarz"]

1. d4 c6 2. c3 d5 3. Bf4 Nf6 4. e3 e6 5. Nf3 Bd6 6. Nbd2 Qc7 7. Ne5 Nbd7 8. Ndf3 O-O 9. Bd3 Ne4 10. Bxe4 dxe4 11. Ng5 Nxe5 12. dxe5 Bxe5 13. Bg3 f5 14. Qh5 g6 15. Qh6 Qg7 16. Qxh7+ Qxh7 17. Nxh7 Bxc3+ 18. bxc3 Kxh7 19. Rd1 b6 20. Rd6 c5 21. Ke2 Ba6+ 22. Kd2 Rfd8 23. Kc1 Rxd6 24. Bxd6 Rd8 25. Rd1 Bd3 26. Be5 Rd5 27. Bb8 a6 28. Bc7 b5 29. Ba5 Kh6 30. a3 Kg5 31. Bc7 e5 32. f4+ exf3 33. gxf3 e4 34. fxe4 Bxe4 35. Rxd5 Bxd5 36. Bd6 c4 37. Kd2 Kg4 38. Ke2 g5 39. Kf2 f4 40. Bc7 fxe3+ 1/2-1/2

[Event "DM G5-2 2025"]
[Site "Svendborg"]
[Date "2025.04.18"]
[Round "1"]
[White "Moldrup, Jonatan Hojlund Borg"]
[Black "Skytte, Torill"]
[Result "1/2-1/2"]
[WhiteElo "1703"]
[BlackElo "1879"]
[WhiteFideId "1479547"]
[BlackFideId "1503260"]
[EventDate "2025.04.17"]
[EventType "swiss"]
[EventRounds "5"]
[EventCountry "DEN"]
[SourceTitle "Live v. Kasper Jerwiarz"]

1. d4 d5 2. Nc3 c6 3. e4 dxe4 4. Nxe4 Nf6 5. Nxf6+ exf6 6. Nf3 Bd6 7. Bc4 O-O 8. O-O Bg4 9. Qd3 Nd7 10. h3 Bh5 11. Re1 Bc7 12. Bd2 a5 13. a4 Nb6 14. Bb3 Qd6 15. g3 Qd7 16. Kg2 Bg6 17. Qc3 Rac8 18. Ng1 Nd5 19. Bxd5 Qxd5+ 20. f3 Qd7 21. Be3 b5 22. Qd2 Rfe8 23. axb5 cxb5 24. Bf2 Rxe1 25. Rxe1 Bb6 26. c3 b4 27. cxb4 Qd8 28. Rc1 Rxc1 29. Qxc1 axb4 30. Qc4 Ba5 31. d5 h6 32. Be1 Bf5 33. Ne2 Qe8 34. g4 Bd7 35. Qe4 Qa8 36. b3 Qb7 37. Nc1 Qc7 38. Na2 Bb5 39. Nxb4 Qc1 40. Nc2 Bxe1 41. Nxe1 Qb2+ 42. Qc2 Qd4 43. Qe4 Qb2+ 44. Qc2 Qd4 45. Qe4 Qb2+ 1/2-1/2

[Event "DM G5-2 2025"]
[Site "Svendborg"]
[Date "2025.04.18"]
[Round "1"]
[White "Vedelfort, Tommy"]
[Black "Danielsen, Johnni Hjort"]
[Result "1-0"]
[WhiteElo "1834"]
[BlackElo "1709"]
[WhiteFideId "1410679"]
[BlackFideId "1476599"]
[EventDate "2025.04.17"]
[EventType "swiss"]
[EventRounds "5"]
[EventCountry "DEN"]
[SourceTitle "Live v. Kasper Jerwiarz"]

1. d4 Nf6 2. Bf4 c5 3. e3 Qb6 4. Nc3 cxd4 5. exd4 d5 6. Na4 Qd8 7. c3 e6 8. Nf3 a6 9. Bd3 Nbd7 10. b4 b5 11. Nc5 Qb6 12. O-O a5 13. a3 Nxc5 14. bxc5 Qc6 15. Ne5 Qb7 16. Qb3 Bd7 17. c6 Bxc6 18. Nxc6 Rc8 19. Nxa5 1-0

[Event "DM G5-2 2025"]
[Site "Svendborg"]
[Date "2025.04.18"]
[Round "1"]
[White "Jensen, Klaus Bo"]
[Black "Dres, Lasse"]
[Result "0-1"]
[WhiteElo "1485"]
[BlackElo "1813"]
[WhiteFideId "1462016"]
[BlackFideId "1483501"]
[EventDate "2025.04.17"]
[EventType "swiss"]
[EventRounds "5"]
[EventCountry "DEN"]
[SourceTitle "Live v. Kasper Jerwiarz"]

1. e4 c6 2. Nf3 d5 3. Nc3 dxe4 4. Nxe4 Nf6 5. Bd3 Bg4 6. O-O Nbd7 7. h3 Bh5 8. Ng3 Bg6 9. Bxg6 hxg6 10. Ng5 e6 11. d4 Bd6 12. f4 Qc7 13. Qf3 Nb6 14. Re1 O-O-O 15. b3 Nbd5 16. Ne2 Nh5 17. g3 Qe7 18. c4 Nb4 19. Qc3 f6 20. a3 fxg5 21. c5 Bxc5 22. dxc5 Nd5 23. Qa5 gxf4 24. gxf4 Qf6 25. Ra2 Nhxf4 26. Rf1 Qg5+ 27. Kh2 Qg2# 0-1

[Event "DM G5-2 2025"]
[Site "Svendborg"]
[Date "2025.04.18"]
[Round "1"]
[White "Horslund, Mikael"]
[Black "Skjoldborg, Lasse Dahl"]
[Result "1-0"]
[WhiteElo "1829"]
[BlackElo "1496"]
[WhiteFideId "1421042"]
[BlackFideId "1447831"]
[EventDate "2025.04.17"]
[EventType "swiss"]
[EventRounds "5"]
[EventCountry "DEN"]
[SourceTitle "Live v. Kasper Jerwiarz"]

1. Nf3 d5 2. g3 Nc6 3. Bg2 e5 4. d3 Nf6 5. O-O Bc5 6. Nxe5 Bxf2+ 7. Rxf2 Nxe5 8. Bg5 Neg4 9. Rf4 h6 10. Bxf6 Nxf6 11. c4 Be6 12. Qa4+ Bd7 13. Qa3 Be6 14. Nc3 c6 15. cxd5 cxd5 16. d4 Qe7 17. Qxe7+ Kxe7 18. e4 Rhd8 19. exd5 Nxd5 20. Nxd5+ Bxd5 21. Re1+ Kf8 22. Bxd5 Rxd5 23. Rfe4 Rad8 24. Re7 Rxd4 25. Rxb7 a5 26. Ree7 Rd1+ 27. Kg2 R1d2+ 28. Kh3 Rf2 29. Re4 g5 30. Re3 g4+ 31. Kxg4 Rd4+ 32. Kh3 Rd5 33. g4 h5 34. Rb8+ Kg7 35. Kg3 Rf6 36. h3 Rg5 37. Rbb3 Rfg6 38. Re4 f5 39. Rb7+ Kh6 40. Ree7 f4+ 41. Kxf4 Rf6+ 42. Kg3 hxg4 43. Rh7+ Kg6 44. Rhg7+ Kh6 45. Rxg5 Kxg5 46. Rb5+ Kg6 47. hxg4 1-0

[Event "DM G5-2 2025"]
[Site "Svendborg"]
[Date "2025.04.19"]
[Round "2"]
[White "Almasy, Alexander Christian"]
[Black "Vedelfort, Tommy"]
[Result "1-0"]
[WhiteElo "1914"]
[BlackElo "1834"]
[WhiteFideId "1415700"]
[BlackFideId "1410679"]
[EventDate "2025.04.17"]
[EventType "swiss"]
[EventRounds "5"]
[EventCountry "DEN"]
[SourceTitle "Live v. Kasper Jerwiarz"]

1. c4 e5 2. Nc3 Bb4 3. g3 Ne7 4. Bg2 O-O 5. e3 d6 6. Nge2 Nbc6 7. O-O Be6 8. Nd5 a5 9. d4 a4 10. a3 Ba5 11. Qxa4 exd4 12. exd4 Bg4 13. f3 Bf5 14. Qb3 Qc8 15. Nxe7+ Nxe7 16. Be3 Re8 17. Bf2 c6 18. Rad1 d5 19. c5 Ng6 20. Nc3 Rb8 21. Rfe1 Rxe1+ 22. Rxe1 Bh3 23. Qc2 Bxg2 24. Kxg2 h5 25. b4 Bc7 26. b5 Qd7 27. a4 h4 28. b6 Bd8 29. a5 Bf6 30. Qd3 hxg3 31. hxg3 Re8 32. Rxe8+ Qxe8 33. Qf5 Qa8 34. Qd7 Nf8 35. Qc7 Qxa5 36. Nxd5 cxd5 37. c6 bxc6 38. Qxc6 Qa2 39. b7 Bxd4 40. b8=Q Qxf2+ 41. Kh3 Qf1+ 42. Kg4 f5+ 43. Kf4 Qe2 44. Qxd5+ Kh7 45. Qxf8 Qe3+ 46. Kxf5 Qd3+ 47. Qe4 g6+ 48. Kg4 Qc3 49. Qee7+ Bg7 50. Qh4+ 1-0

[Event "DM G5-2 2025"]
[Site "Svendborg"]
[Date "2025.04.19"]
[Round "2"]
[White "Svendsen, Peter Willer"]
[Black "Rasmussen, Johnny Koust"]
[Result "1/2-1/2"]
[WhiteElo "1867"]
[BlackElo "1875"]
[WhiteFideId "1405250"]
[BlackFideId "1422383"]
[EventDate "2025.04.17"]
[EventType "swiss"]
[EventRounds "5"]
[EventCountry "DEN"]
[SourceTitle "Live v. Kasper Jerwiarz"]

1. d4 Nf6 2. Nf3 e6 3. g3 b6 4. Bg2 Bb7 5. O-O Be7 6. c4 O-O 7. Nc3 d5 8. Ne5 Nbd7 9. Qc2 c5 10. cxd5 exd5 11. Rd1 cxd4 12. Nxd7 Qxd7 13. Rxd4 Bc5 14. Rh4 g6 15. Bg5 Ng4 16. e3 f6 17. Bh6 Rfd8 18. Rd1 Nxh6 19. Rxh6 Qf7 20. Rh4 Rd7 21. b4 Bf8 22. Qb3 Rad8 23. Rhd4 Kg7 24. Nxd5 Rd6 25. e4 Bxd5 26. exd5 Rc8 27. Rc4 Rxc4 28. Qxc4 Rd8 29. Re1 Bd6 30. Re6 Rd7 31. a3 Be5 32. f4 Bd6 33. Qc6 Bf8 34. Qc3 Rd6 35. Qc8 Rxe6 36. dxe6 Qe7 37. Bd5 Qd6 38. Qb7+ Qe7 39. Kf2 Qxb7 40. Bxb7 a5 41. bxa5 bxa5 42. a4 f5 43. h3 Kf6 44. Bc8 h5 45. Kf3 Bd6 46. Bd7 Bb4 47. Be8 Bd6 48. Bf7 Bb4 49. g4 hxg4+ 50. hxg4 fxg4+ 51. Kxg4 Bd6 52. Bg8 Bb4 53. Bh7 Kxe6 54. Bxg6 Kf6 55. f5 1/2-1/2

[Event "DM G5-2 2025"]
[Site "Svendborg"]
[Date "2025.04.19"]
[Round "2"]
[White "Poulsen, Albert Damgaard"]
[Black "Horslund, Mikael"]
[Result "1-0"]
[WhiteElo "1843"]
[BlackElo "1829"]
[WhiteFideId "1478613"]
[BlackFideId "1421042"]
[EventDate "2025.04.17"]
[EventType "swiss"]
[EventRounds "5"]
[EventCountry "DEN"]
[SourceTitle "Live v. Kasper Jerwiarz"]

1. c4 g6 2. d4 Bg7 3. Nc3 c5 4. d5 d6 5. e4 a6 6. a4 e6 7. h3 exd5 8. exd5 Qe7+ 9. Qe2 Qxe2+ 10. Bxe2 Nh6 11. Bf4 Nf5 12. Nf3 h5 13. Bd3 O-O 14. O-O Rd8 15. a5 Nd4 16. Nxd4 Bxd4 17. Rfe1 f5 1-0

[Event "DM G5-2 2025"]
[Site "Svendborg"]
[Date "2025.04.19"]
[Round "2"]
[White "Dres, Lasse"]
[Black "Onisey, Mazen"]
[Result "0-1"]
[WhiteElo "1813"]
[BlackElo "1871"]
[WhiteFideId "1483501"]
[BlackFideId "1461214"]
[EventDate "2025.04.17"]
[EventType "swiss"]
[EventRounds "5"]
[EventCountry "DEN"]
[SourceTitle "Live v. Kasper Jerwiarz"]

1. d4 Nf6 2. Nc3 d5 3. Bf4 c5 4. e3 a6 5. Nf3 Nc6 6. h3 e6 7. Bd3 Be7 8. O-O O-O 9. Ne5 cxd4 10. exd4 Nxd4 11. Bxh7+ Nxh7 12. Qxd4 Bd6 13. Bh2 Qc7 14. Kh1 b5 15. Rac1 Bb7 16. f4 Qe7 17. Rf3 Nf6 18. Rg3 Bc5 19. Qd3 Rad8 20. Bg1 d4 21. Nd1 Be4 22. Qe2 Bf5 23. Nc6 Qd6 24. Nxd8 Rxd8 25. Qe5 Qe7 26. Nf2 Nh5 27. Rf3 Bd6 28. Qxd4 Bxf4 29. Qc3 Bxc1 30. g4 Bg6 31. gxh5 Bxh5 32. Rg3 Bg6 33. Nd3 Bh6 34. Be3 Bxe3 35. Rxe3 Qh4 36. Kh2 Rxd3 37. Rxd3 Qf2+ 0-1

[Event "DM G5-2 2025"]
[Site "Svendborg"]
[Date "2025.04.19"]
[Round "2"]
[White "Skytte, Torill"]
[Black "Rasmussen, Morten Fredsgaard"]
[Result "1-0"]
[WhiteElo "1879"]
[BlackElo "1841"]
[WhiteFideId "1503260"]
[BlackFideId "1410636"]
[EventDate "2025.04.17"]
[EventType "swiss"]
[EventRounds "5"]
[EventCountry "DEN"]
[SourceTitle "Live v. Kasper Jerwiarz"]

1. e4 c6 2. d4 d5 3. Nd2 dxe4 4. Nxe4 Bf5 5. Ng3 Bg6 6. h4 h6 7. Nh3 e5 8. h5 Bh7 9. Be3 exd4 10. Bxd4 Bxc2 11. Qe2+ Qe7 12. Rc1 Bh7 13. a3 Nd7 14. Rc3 Qxe2+ 15. Bxe2 Ngf6 16. Re3+ Kd8 17. O-O Bd6 18. Rd1 Kc7 19. b4 Rhe8 20. Nf1 a6 21. Bf3 Be5 22. Bxe5+ Rxe5 23. a4 Rae8 24. Nf4 Bc2 25. Ra1 Be4 26. Be2 Nd5 27. Nxd5+ Bxd5 28. Rc1 Nf6 29. b5 axb5 30. axb5 Rg5 31. g3 Ne4 32. g4 Rge5 33. f4 R5e7 34. Ra3 Nc3 35. Bd3 Ne2+ 36. Bxe2 Rxe2 37. Rg3 Rb2 38. bxc6 Bxc6 39. Ne3 Rd8 40. g5 1-0

[Event "DM G5-2 2025"]
[Site "Svendborg"]
[Date "2025.04.19"]
[Round "2"]
[White "Munch, Niels Christian"]
[Black "Moldrup, Jonatan Hojlund Borg"]
[Result "1-0"]
[WhiteElo "1760"]
[BlackElo "1703"]
[WhiteFideId "1470744"]
[BlackFideId "1479547"]
[EventDate "2025.04.17"]
[EventType "swiss"]
[EventRounds "5"]
[EventCountry "DEN"]
[SourceTitle "Live v. Kasper Jerwiarz"]

1. d4 d5 2. Nf3 Nc6 3. e3 Bg4 4. Be2 e6 5. Nbd2 Nf6 6. a3 a6 7. O-O Bd6 8. b3 Ne4 9. Bb2 Nxd2 10. Qxd2 O-O 11. c4 dxc4 12. bxc4 b6 13. d5 exd5 14. cxd5 Bxf3 15. Bxf3 Ne5 16. Be2 a5 17. Qc3 f6 18. e4 Re8 19. Kh1 Ng6 20. f3 Be5 21. Qc2 Bxb2 22. Qxb2 Qd6 23. Bb5 Re7 24. Rac1 Rf8 25. Qb3 Ne5 26. f4 Nf7 27. Rc6 Qd8 28. Qc2 Nd6 29. Bd3 g6 30. Rc1 Ne8 31. Re1 Rff7 32. Bc4 Nd6 33. Bb3 Kf8 34. g3 Rg7 35. e5 fxe5 36. fxe5 Ne8 37. Qc3 Rd7 38. Rf1+ Rgf7 39. Rxf7+ Rxf7 40. d6 Rd7 41. Qc4 Kg7 42. h4 cxd6 43. Qg8+ Kh6 44. Qf8+ Rg7 45. exd6 Qd7 46. Qf4+ g5 47. hxg5+ Rxg5 48. Rxb6 Qh3+ 49. Kg1 Qd7 50. Ba4 Qa7 51. Qe3 Nf6 52. d7 Kh5 53. d8=Q Qg7 54. Bd1+ 1-0

[Event "DM G5-2 2025"]
[Site "Svendborg"]
[Date "2025.04.19"]
[Round "2"]
[White "Danielsen, Johnni Hjort"]
[Black "Rynkjob, Bastian"]
[Result "0-1"]
[WhiteElo "1709"]
[BlackElo "1741"]
[WhiteFideId "1476599"]
[BlackFideId "1473557"]
[EventDate "2025.04.17"]
[EventType "swiss"]
[EventRounds "5"]
[EventCountry "DEN"]
[SourceTitle "Live v. Kasper Jerwiarz"]

1. d4 Nf6 2. c4 e6 3. Nf3 d5 4. g3 dxc4 5. Bg2 c5 6. O-O Nc6 7. dxc5 Bxc5 8. Qxd8+ Nxd8 9. a4 b6 10. Ne5 Rb8 11. Nxc4 Ba6 12. b3 Bxc4 13. bxc4 Bd4 14. Ra2 Rc8 15. e3 Be5 16. Rc2 Nc6 17. Ba3 Nd7 18. c5 bxc5 19. Bxc5 Nb4 20. Rc4 Nd3 21. Rd1 Rxc5 22. Rxc5 N3xc5 23. Bc6 Ke7 24. f4 Bc7 25. e4 Rd8 26. e5 Nb6 27. Rxd8 Kxd8 28. Nc3 Nc4 29. Kg2 a6 30. Kf3 Ba5 31. Ne4 Nxe4 32. Kxe4 Ke7 33. h4 f6 34. exf6+ Kxf6 35. Bb7 Nd6+ 0-1

[Event "DM G5-2 2025"]
[Site "Svendborg"]
[Date "2025.04.19"]
[Round "2"]
[White "Justesen, Laurits Skovgaard"]
[Black "Moller, Henrik Allan"]
[Result "1-0"]
[WhiteElo "1757"]
[BlackElo "1653"]
[WhiteFideId "1482300"]
[BlackFideId "1479199"]
[EventDate "2025.04.17"]
[EventType "swiss"]
[EventRounds "5"]
[EventCountry "DEN"]
[SourceTitle "Live v. Kasper Jerwiarz"]

1. c4 Nf6 2. d4 e6 3. Nc3 d5 4. Bf4 Bd6 5. Bxd6 Qxd6 6. cxd5 Nxd5 7. e4 Nxc3 8. bxc3 b6 9. g3 Bb7 10. Bg2 Qe7 11. Ne2 Nd7 12. a4 c5 13. O-O O-O 14. Re1 Rfd8 15. Nf4 cxd4 16. cxd4 Rac8 17. Qb3 Nf6 18. d5 g5 19. Nh3 h6 20. dxe6 fxe6 21. f4 Rd2 22. Ra2 Rd4 23. fxg5 Rb4 24. gxf6 Qc5+ 25. Qe3 Kf7 26. Qxc5 bxc5 27. e5 1-0

[Event "DM G5-2 2025"]
[Site "Svendborg"]
[Date "2025.04.19"]
[Round "2"]
[White "Skjoldborg, Lasse Dahl"]
[Black "Reiths, Henning"]
[Result "0-1"]
[WhiteElo "1496"]
[BlackElo "1736"]
[WhiteFideId "1447831"]
[BlackFideId "1410431"]
[EventDate "2025.04.17"]
[EventType "swiss"]
[EventRounds "5"]
[EventCountry "DEN"]
[SourceTitle "Live v. Kasper Jerwiarz"]

1. e4 c5 2. Nf3 Nc6 3. Bc4 e5 4. d3 Be7 5. Nc3 d6 6. h4 h6 7. Nd5 Be6 8. Nxe7 Ngxe7 9. Bxe6 fxe6 10. Bd2 Qb6 11. b3 O-O-O 12. Qc1 Rhf8 13. Qb2 Nd4 14. Nxd4 exd4 15. Qa3 Nc6 16. Rh3 Rd7 17. O-O-O Rxf2 18. g4 Rdf7 19. Rg3 Ne5 20. g5 h5 21. g6 R7f6 22. Bg5 R6f3 23. Rgg1 a6 24. Qa4 Qc6 25. Qa5 Qc7 26. Qa4 Qd7 27. Qa5 Nc6 28. Qa3 Nb4 29. Bd2 Nc6 30. b4 cxb4 31. Bxb4 Nxb4 32. Qxb4 Qc6 33. Qb2 Rh2 34. Rgf1 Rff2 35. Rxf2 Rxf2 36. Rg1 Qc3 37. a3 Qxb2+ 38. Kxb2 Rh2 39. Rf1 Rxh4 40. Rf8+ Kc7 41. Rf7+ Kc6 42. Rxg7 Rg4 43. Rg8 Kb6 44. Kb3 h4 45. g7 h3 46. Rh8 Rxg7 47. Rxh3 e5 48. Rh6 Kc5 49. Rh1 b5 50. Rc1 a5 51. c3 a4+ 52. Kb2 Rg2+ 53. Kb1 dxc3 54. Rxc3+ Kd4 55. Rc6 Kxd3 56. Rxd6+ Kxe4 57. Rb6 Rd2 58. Rxb5 Rd4 59. Kc2 Rc4+ 60. Kb2 Kd4 61. Rb8 Kd3 62. Rd8+ Rd4 0-1

[Event "DM G5-2 2025"]
[Site "Svendborg"]
[Date "2025.04.20"]
[Round "3"]
[White "Onisey, Mazen"]
[Black "Almasy, Alexander Christian"]
[Result "0-1"]
[WhiteElo "1871"]
[BlackElo "1914"]
[WhiteFideId "1461214"]
[BlackFideId "1415700"]
[EventDate "2025.04.17"]
[EventType "swiss"]
[EventRounds "5"]
[EventCountry "DEN"]
[SourceTitle "Live v. Kasper Jerwiarz"]

1. e4 c5 2. c3 Nc6 3. d4 cxd4 4. cxd4 d5 5. e5 Bf5 6. Bd3 Bxd3 7. Qxd3 Qb6 8. Nf3 e6 9. a3 Nge7 10. b4 Nf5 11. Be3 Be7 12. Nbd2 Rc8 13. O-O O-O 14. Nb3 Qd8 15. Rac1 b6 16. Qb5 Nb8 17. Qe2 Qd7 18. Qb2 Qa4 19. Bg5 Bxg5 20. Nxg5 Rc4 21. g4 Ne7 22. Nd2 Rc6 23. b5 Rcc8 24. f4 Nd7 25. Qb4 Qxb4 26. axb4 h6 27. Ngf3 Ng6 28. f5 Nf4 29. Rxc8 Rxc8 30. Ne1 Ne2+ 31. Kf2 Nxd4 32. Nd3 Nxb5 33. fxe6 fxe6 34. Nf3 a5 35. bxa5 bxa5 36. Rb1 Nc3 37. Rb7 Ne4+ 38. Ke3 Ndc5 39. Nxc5 Nxc5 40. Ra7 Nb3 41. g5 Kh7 42. h4 Kg6 43. h5+ Kxh5 44. Rxg7 hxg5 45. Rxg5+ Kh6 46. Rg4 Rc3+ 47. Kf2 Rc4 48. Rg8 a4 49. Ra8 Kg6 50. Kg3 Kf5 51. Rf8+ Ke4 52. Ng5+ Kxe5 0-1

[Event "DM G5-2 2025"]
[Site "Svendborg"]
[Date "2025.04.20"]
[Round "3"]
[White "Skytte, Torill"]
[Black "Svendsen, Peter Willer"]
[Result "0-1"]
[WhiteElo "1879"]
[BlackElo "1867"]
[WhiteFideId "1503260"]
[BlackFideId "1405250"]
[EventDate "2025.04.17"]
[EventType "swiss"]
[EventRounds "5"]
[EventCountry "DEN"]
[SourceTitle "Live v. Kasper Jerwiarz"]

1. d4 Nf6 2. Nf3 e6 3. Bf4 c5 4. e3 Nc6 5. Nbd2 d5 6. c3 Bd6 7. Bg3 cxd4 8. exd4 O-O 9. Ne5 Qc7 10. Ndf3 Ne4 11. Bd3 f6 12. Nxc6 bxc6 13. Bxe4 dxe4 14. Nd2 Bxg3 15. fxg3 f5 16. Nc4 Ba6 17. Ne5 Rab8 18. Qc2 c5 19. O-O-O Rfc8 20. Qa4 Be2 21. Rd2 cxd4 22. Qxd4 Rd8 23. Qe3 Rxd2 24. Qxd2 Bb5 25. Qf4 Rd8 26. Re1 Rd5 27. Ng6 e5 28. Qxf5 hxg6 29. Qe6+ Qf7 30. Qc8+ Be8 31. Rxe4 Qf1+ 32. Kc2 Qd1# 0-1

[Event "DM G5-2 2025"]
[Site "Svendborg"]
[Date "2025.04.20"]
[Round "3"]
[White "Vedelfort, Tommy"]
[Black "Munch, Niels Christian"]
[Result "1-0"]
[WhiteElo "1834"]
[BlackElo "1760"]
[WhiteFideId "1410679"]
[BlackFideId "1470744"]
[EventDate "2025.04.17"]
[EventType "swiss"]
[EventRounds "5"]
[EventCountry "DEN"]
[SourceTitle "Live v. Kasper Jerwiarz"]

1. d4 c6 2. c3 d5 3. Bf4 Nf6 4. Nd2 e6 5. Ngf3 Bd6 6. Bg3 Qc7 7. Qc2 Nbd7 8. e3 b6 9. Bd3 h6 10. O-O Bb7 11. Rfe1 c5 12. Bxd6 Qxd6 13. e4 dxe4 14. Nxe4 Nxe4 15. Bxe4 Bxe4 16. Qxe4 O-O 17. Rad1 Nf6 18. Qh4 cxd4 19. Rxd4 Qc7 20. g4 Nh7 21. g5 hxg5 22. Nxg5 Nxg5 23. Qxg5 f6 24. Qg4 f5 25. Qf3 Rae8 26. Rh4 Kf7 27. Qh5+ Ke7 28. Qg5+ Kf7 29. Qh5+ Ke7 30. Qg6 Kd7 31. Rd4+ Kc8 32. Rxe6 Rxe6 33. Qxe6+ Kb8 34. Rc4 Qd8 35. Qe5+ Ka8 36. Rd4 Qc8 37. Qd5+ Kb8 38. Qd6+ Ka8 39. f3 Rf6 40. Qd7 Qxd7 41. Rxd7 g6 42. Kf2 Kb8 43. h4 Re6 44. b4 Rc6 45. Rg7 Rxc3 46. Rxg6 Rc2+ 47. Kg3 Rxa2 48. h5 Ra1 49. Kf4 Rh1 50. h6 Kc7 51. Kxf5 Rh3 52. Kf6 Rxf3+ 53. Kg7 Rd3 54. h7 Rd7+ 55. Kh8 Rd8+ 56. Rg8 Rd4 57. b5 Re4 58. Rg7+ Kd6 59. Kg8 Kc5 60. Rxa7 Kxb5 61. h8=Q Re8+ 62. Kg7 Rxh8 63. Kxh8 Kb4 64. Kg7 b5 65. Kf6 Kc3 66. Rc7+ Kb3 67. Ke5 b4 68. Kd4 Ka2 69. Ra7+ Kb2 70. Kc4 Kb3+ 1-0

[Event "DM G5-2 2025"]
[Site "Svendborg"]
[Date "2025.04.20"]
[Round "3"]
[White "Reiths, Henning"]
[Black "Dres, Lasse"]
[Result "1-0"]
[WhiteElo "1736"]
[BlackElo "1813"]
[WhiteFideId "1410431"]
[BlackFideId "1483501"]
[EventDate "2025.04.17"]
[EventType "swiss"]
[EventRounds "5"]
[EventCountry "DEN"]
[SourceTitle "Live v. Kasper Jerwiarz"]

1. d4 Nf6 2. Bg5 d5 3. e3 Nbd7 4. Bd3 e6 5. Nd2 c5 6. c3 Qb6 7. Rb1 cxd4 8. exd4 Bd6 9. f4 Qc7 10. Nh3 h6 11. Bxf6 Nxf6 12. O-O Bd7 13. Qe2 O-O-O 14. Nf3 g5 15. Ne5 Bxe5 16. fxe5 g4 17. Nf4 Ne4 18. Bxe4 dxe4 19. Nh5 Bc6 20. Nf6 h5 21. Nxe4 Bxe4 22. Qxe4 h4 23. Rf6 Rdg8 24. Qf4 Rg7 25. Rf1 Rhh7 26. Rh6 h3 27. Rxh7 Rxh7 28. Qxg4 f5 29. Qg8+ Qd8 30. Qxh7 hxg2 31. Rf2 1-0

[Event "DM G5-2 2025"]
[Site "Svendborg"]
[Date "2025.04.20"]
[Round "3"]
[White "Horslund, Mikael"]
[Black "Justesen, Laurits Skovgaard"]
[Result "0-1"]
[WhiteElo "1829"]
[BlackElo "1757"]
[WhiteFideId "1421042"]
[BlackFideId "1482300"]
[EventDate "2025.04.17"]
[EventType "swiss"]
[EventRounds "5"]
[EventCountry "DEN"]
[SourceTitle "Live v. Kasper Jerwiarz"]

1. e4 c6 2. Nc3 d5 3. Nf3 dxe4 4. Nxe4 Bf5 5. Ng3 Bg6 6. h4 h6 7. Bc4 e6 8. Ne5 Bh7 9. Qe2 Qe7 10. d4 Nd7 11. Bf4 Ngf6 12. Nxd7 Qxd7 13. O-O-O b5 14. Bd3 Qxd4 15. Be3 Qa4 16. Kb1 Bxd3 17. Rxd3 Qa5 18. Bd2 Qc7 19. Nf5 Rd8 20. Rxd8+ Qxd8 21. Rd1 Qc7 22. Qe1 Nd5 23. Ba5 Nb6 24. Bc3 Rg8 25. Be5 Qc8 26. Nd6+ Bxd6 27. Bxd6 Nd5 28. Bc5 Qc7 29. Qe4 g6 30. g3 Qd7 31. Qe5 Nc3+ 32. bxc3 Qxd1+ 33. Kb2 Qd7 34. Qb8+ Qd8 35. Qxa7 g5 36. h5 g4 37. Qb7 f5 38. Qh7 Qg5 39. Qc7 Qd8 40. Qxc6+ Qd7 41. Qb6 Kf7 42. Be3 Kg7 43. Qd4+ Qxd4 44. cxd4 Rd8 45. Kb3 Rd5 46. a4 bxa4+ 47. Kxa4 f4 48. gxf4 Rxh5 49. c4 Rf5 50. c5 Kf7 51. Kb5 Ke7 52. Kb6 Kd8 53. Kc6 Rd5 54. f5 Rxf5 55. Kd6 Rf6 56. Ke5 Ke7 57. c6 Rf5+ 58. Ke4 h5 0-1